000 00306nam a2200121Ia 4500
008 231228s1998 xx 000 0 und d
041 _aeng
082 _a658.314
_bNAR
100 _aNARAYAN (R.K.)
245 _aMalgudi Days
260 _aMumbai
_bSpenta Multimedia Pvt. Ltd. Mumbai
_c1998
300 _a246
999 _c1084581
_d1084581